Flaring at oil refineries in South Durban and Denmark: SDEA-DN Local Action Project 2004-2005: output 1 (Record no. 63172)

MARC details
000 -LEADER
fixed length control field 01014nam a2200181 a 4500
008 - FIXED-LENGTH DATA ELEMENTS--GENERAL INFORMATION
fixed length control field 080411s0000 ||||||||||||||||| || u
020 ## - INTERNATIONAL STANDARD BOOK NUMBER
International Standard Book Number 0620342099
050 ## - LIBRARY OF CONGRESS CALL NUMBER
Classification number TP 159.F52 Dan
110 ## - MAIN ENTRY--CORPORATE NAME
Corporate name or jurisdiction name as entry element Danmarks naturfrednings (DN)
245 10 - TITLE STATEMENT
Title Flaring at oil refineries in South Durban and Denmark: SDEA-DN Local Action Project 2004-2005: output 1
260 ## - PUBLICATION, DISTRIBUTION, ETC.
Place of publication, distribution, etc. South Africa
Name of publisher, distributor, etc. South Durban Community Environmental Alliance
Date of publication, distribution, etc.
300 ## - PHYSICAL DESCRIPTION
Extent 44p. : ill.
350 ## -
-- 0.00
650 ## - SUBJECT ADDED ENTRY--TOPICAL TERM
Topical term or geographic name entry element OIL REFINERIES
995 ## -
-- MAIN LIBRARY OPEN ACCESS
-- 0.00
-- 737288
-- CBU-MAIN LIBRARY (Kitwe)
-- 1
-- 0.00
-- TP 159.F52 DAN
-- 2
-- WEEDED
-- Apr 11, 2008
-- 42045
-- Main Library Open Access Collection
995 ## -
-- MAIN LIBRARY OPEN ACCESS
-- 0.00
-- 737288
-- CBU-MAIN LIBRARY (Kitwe)
-- 1
-- 0.00
-- TP 159.F52 DAN
-- 3
-- WEEDED
-- Apr 11, 2008
-- 42046
-- Main Library Open Access Collection
995 ## -
-- MAIN LIBRARY OPEN ACCESS
-- 0.00
-- 737289
-- CBU-MAIN LIBRARY (Kitwe)
-- 1
-- 0.00
-- TP 159.F52 DAN
-- 1
-- WEEDED
-- Apr 11, 2008
-- 42043
-- Main Library Open Access Collection
999 ## -
-- 63172
-- 63172
Holdings
Withdrawn status Lost status Source of classification or shelving scheme Damaged status Not for loan Permanent Location Current Location Shelving location Date acquired Total Checkouts Full call number Barcode Date last seen Price effective from Koha item type
          CBU-MAIN LIBRARY, KITWE. CBU-MAIN LIBRARY, KITWE.   12/24/2022   TP 159.F52 Dan 42045 12/24/2022 12/24/2022 MONOGRAPH
          CBU-MAIN LIBRARY, KITWE. CBU-MAIN LIBRARY, KITWE.   12/24/2022   TP 159.F52 Dan 42046 12/24/2022 12/24/2022 MONOGRAPH
          CBU-MAIN LIBRARY, KITWE. CBU-MAIN LIBRARY, KITWE.   12/24/2022   TP 159.F52 Dan 42043 12/24/2022 12/24/2022 MONOGRAPH